El iluminismo y la Revolución de Mayo /

Sin apoyo ni consenso popular, la revolución de 1810 estuvo a cargo de un grupo ilustrado de buenos aires que quiso salir del atraso del dominio español e integrarse al tren de la modernidad. en este capítulo, Feinmann presenta las ideas del primer racionalismo argentino.¦650

Guardado en:
Autor Principal: Feinmann, José Pablo
Autor Corporativo: Canal Encuentro.
Formato: Deslizar
Publicado: Argentina, 2010
Series:Filosofía aquí y ahora - Temporada 3
Materias:
Acceso en línea:https://www.educ.ar/recursos/50219/el-iluminismo-y-la-revolucion-de-mayo
Etiquetas: Agregar Etiqueta
Sin Etiquetas, Sea el primero en etiquetar este registro!
LEADER 01342ngm a22003255g 4500
001 CEM.cems023371
008 130507s2010##################0###0#####d
005 20250328163159.0
245 1 0 |a El iluminismo y la Revolución de Mayo /  |c José Pablo Feinmann. 
260 |a Argentina,  |c 2010 
300 |a 28'. 
490 0 |a Filosofía aquí y ahora - Temporada 3 
538 |a Soporte: DVD - Color: Si - Grabación DRD. 
520 |a Sin apoyo ni consenso popular, la revolución de 1810 estuvo a cargo de un grupo ilustrado de buenos aires que quiso salir del atraso del dominio español e integrarse al tren de la modernidad. en este capítulo, Feinmann presenta las ideas del primer racionalismo argentino.¦650 
590 |a Identificación anterior registrada en SIABUC: D62C 
500 |a Consultar en ventanilla. 
100 1 |a Feinmann, José Pablo 
710 2 |a Canal Encuentro. 
082 1 0 |/ FEI-3 
653 |a FILOSOFIA 
653 |a FILOSOFIA AQUI Y AHORA 
653 |a FEINMANN 
653 |a HISTORIA 
653 |a HISTORIA ARGENTINA 
653 |a ILUMINISMO 
653 |a REVOLUCION DE MAYO 
653 |a RACIONALISMO 
653 |a SERIE DE TELEVISIÓN 
856 |u https://www.educ.ar/recursos/50219/el-iluminismo-y-la-revolucion-de-mayo 
859 |a CEMS  |b BIB. CEMS - Depto. Recursos Didacticos  |h 100  |i FEI-3  |k DRD  |p 2014.15  |t Ej.1